1408 1205 1352 1112 1162 1587 1690 1504 1481 1313 1886 1758 1210 1800 1037 1415 1257 1080 1322 1164 1466 1985 1407 1787 1567 1169 1630 1052 1342 1285 1016 1824 1320 1884 1097 1127 1798 1720 1601 1093 1607 1620 1189 1077 1526 1910 1062 1817 1639 1026 1747 1299 1266 1751 1526 1035 1106 1369 1329 1828 1808 1397 1472 1253 1913 1847 1433 1204 1164 1567 1800 1822 1258 1202 1637 1442 1768 1314 1051 1349 1847 1624 1341 1979 1784 1196 1148 1490 1209 1994 1722 1290 1274 1729 1171 1290 1273 1298 1743 BCNSPRNW ULIB Ver.6.0+V

เปลี่ยนเป็นภาษาไทย

Change to English
 แสดงรายละเอียดบรรณานุกรม
  กลับหน้าหลัก

Brief Record : Get Marc (ISO 2709) : E-mail record : QR code < ปิดหน้าต่าง
LEADER : 00000nam 2200000uu 4500
001    13399123556
003     ULIB
008    141008s2556 th a 000 0 tha d
020    9786163353061
060  4 WC505^bป418ร
100    ประเสริฐ ทองเจริญ
245    ระบาดบันลือโลก 21 : โคโรน่าไวรัส /^cประเสริฐ ทองเจริญ
250    พิมพ์ครั้งที่ 1
260    กรุงเทพฯ :^bอักษรสมัย(๑๙๙๙),^c2556
300    174หน้า;^b18.5 ซม.
650    โคโรน่าไวรัส
650    โรคซาร์ส
945    ^p160^l0^i21136
945    ^p160^l0^i21137
945    ^p160^l0^i21138
945    ^p160^l0^i21139
945    ^p160^l0^i21140
999    ^aทศพร เกษรทอง
รายการนี้ยังไม่มีแท็ก
คุณยังไม่ได้ล็อกอิน คุณสามารถมีกิจกรรมร่วมกับเว็บไซต์ได้ แต่ต้องล็อกอินก่อน ::
  ล็อกอิน

รายการสื่อสารสนเทศ

ลำดับที่ ประเภท เลขเรียก/บาร์โค้ด สถานที่ สถานะ
1. วิทยาศาสตร์การแพทย์ และสุขภาพ
วิทยาศาสตร์การแพทย์ และสุขภาพ
สถานะ=หนังสือเก่า
WC505 ป418ร ฉ.1 
  Barcode: 21136
ห้องสมุดวิทยาเขตนครสวรรค์
►ส่วนจัดเก็บหนังสือเก่า นว.
บนชั้น
  ขอยืม
2. วิทยาศาสตร์การแพทย์ และสุขภาพ
วิทยาศาสตร์การแพทย์ และสุขภาพ
สถานะ=หนังสือเก่า
WC505 ป418ร ฉ.2 
  Barcode: 21137
ห้องสมุดวิทยาเขตนครสวรรค์
►ส่วนจัดเก็บหนังสือเก่า นว.
บนชั้น
  ขอยืม
3. วิทยาศาสตร์การแพทย์ และสุขภาพ
วิทยาศาสตร์การแพทย์ และสุขภาพ
สถานะ=หนังสือเก่า
WC505 ป418ร ฉ.3 
  Barcode: 21138
ห้องสมุดวิทยาเขตนครสวรรค์
►ส่วนจัดเก็บหนังสือเก่า นว.
บนชั้น
  ขอยืม
4. วิทยาศาสตร์การแพทย์ และสุขภาพ
วิทยาศาสตร์การแพทย์ และสุขภาพ
สถานะ=หนังสือเก่า
WC505 ป418ร ฉ.4 
  Barcode: 21139
ห้องสมุดวิทยาเขตนครสวรรค์
►ส่วนจัดเก็บหนังสือเก่า นว.
บนชั้น
  ขอยืม
5. วิทยาศาสตร์การแพทย์ และสุขภาพ
วิทยาศาสตร์การแพทย์ และสุขภาพ
สถานะ=หนังสือเก่า
WC505 ป418ร ฉ.5 
  Barcode: 21140
ห้องสมุดวิทยาเขตนครสวรรค์
►ส่วนจัดเก็บหนังสือเก่า นว.
บนชั้น
  ขอยืม

รายการใกล้เคียง
    ผู้แต่ง [ประเสริฐ ทองเจริญ]

    หัวเรื่อง [โคโรน่าไวรัส]
    หัวเรื่อง [โรคซาร์ส]

BibComment


ยังไม่เคยถูกคอมเมนท์

คอมเมนท์ทรัพยากรรายการนี้
  คอมเมนท์: ระบาดบันลือโลก 21..


 Copyright 2026. Bcnsprnw @Library